| 000 | 00844nas a2200277 4500 | ||
|---|---|---|---|
| 001 | BR2010001749 | ||
| 003 | BR-BrBNA | ||
| 005 | 20231205114204.0 | ||
| 007 | ta | ||
| 008 | 230509b bl.|||p| |||| 00| 00por d | ||
| 040 |
_aBR-BrBNA _bpor _cBiblioteca Nacional de Agricultura |
||
| 041 | _a(En) | ||
| 072 | _aQ04 | ||
| 100 | 1 | _aGauche, C. | |
| 100 | 1 | _aMalagoli, E. da S. | |
| 100 | 1 | _aLuiz, M.T.B. | |
| 245 | 1 | _aEffect of pH on the copigmentation of anthocyannins from Cabernet Sauvignon grape extracts with organic acids | |
| 650 | _aUVA | ||
| 650 | _aVARIEDADE | ||
| 650 | _aPIGMENTO | ||
| 650 | _aVIDA-DE-PRATELEIRA | ||
| 650 | _aÁCIDO ORGÂNICO | ||
| 773 | 0 |
_tScientia Agricola (Brazil) _xISSN 0103-9016 _g(Jan-Feb 2010), v. 67(1) p. 41-46 _wBR2010001749 |
|
| 909 |
_a202311 _bLúcia _c55 _dLúcia Elande |
||
| 942 |
_2AGRIS _n0 _cANA |
||
| 999 |
_c207511 _d207511 |
||